000 01347nam0a2200313 4500
001 RU\NLR\bibl\1189603
005 20250615094832.0
021 _aRU
_b2007-92090
_94976
035 _a(NLR Aleph) 001176165
090 _a1628342
_c1628342
100 _a20080216d2007 |||y0rusy50 ca
101 0 _arus
102 _aRU
105 _aa |||||||||
200 1 _aТеория организации
_eучебное пособие
_fН.П. Головяшкина, Г.Б. Кошарная
_gФедер. агентство по образованию, Гос. образоват. учреждение высш. проф. образования "Пенз. гос. ун-т"
210 _aПенза
_cИИЦ ПГУ
_d2007
215 _a98, [1] с.
_cил.
_d21
320 _aБиблиогр. в конце кн. (24 назв.)
606 1 _aОрганизации
_jУчебные издания для высших учебных заведений
_xТеория
_92153648
_3RU\NLR\auth\661296700
686 _aУ29(0)я73
686 _aУ010.4я73
700 1 _aГоловяшкина
_bН. П.
_gНаталья Петровна
_4070
701 1 _aКошарная
_bГ. Б.
_gГалина Борисовна
_4070
801 0 _aRU
_bNLR
_c20080216
_gRCR
801 1 _aRU
_bNLR
_c20080216
942 _cBOOK
980 _aNB
980 _aNBR